| 000 | 00557nam a22001697a 4500 | ||
|---|---|---|---|
| 003 | SGT | ||
| 020 | _a9788120347205 | ||
| 082 | _a005.1,TAN | ||
| 100 | _aTANENBAUM,ANDREW S. | ||
| 245 | _aSTRUCTURED COMPUTER ORGANIZATION | ||
| 250 | _a6TH | ||
| 260 |
_aNEW DELHI _bPHI _c2013 |
||
| 300 | _a769 | ||
| 650 | _aSTRUCTURED COMPUTER ORGANIZATION | ||
| 653 | _aCOMPUTER SYSTEMS, THE DIGITAL LOGIC LEVEL, THE MICRO ARCHITECTURE LEVEL, THE INSTRUCTION SET, THE OPERATING SYSTEM THE ASSEMBLY LANGUAGE LEVEL, PARALLEL COMPUTER ARCHITECTURES, | ||
| 942 |
_2ddc _cFCM |
||
| 999 |
_c8829 _d8829 |
||